| 000 | 01097cam a2200361 a 4500 | ||
|---|---|---|---|
| 003 | OSt | ||
| 005 | 20140310184425.0 | ||
| 008 | 771025s1959 nyua j 000 1 eng | ||
| 010 | _a 59012398 | ||
| 020 | _a0590479423 | ||
| 035 | _a(OCoLC)3368265 | ||
| 040 |
_aDLC _cDLC |
||
| 042 | _apremarc | ||
| 050 | 0 | 0 |
_aPZ 8.9 _b.L655Li 1959 |
| 100 | 1 |
_aLionni, Leo, _d1910-1999. _926898 |
|
| 245 | 1 | 0 |
_aLittle blue and little yellow : _ba story for Pippo and Ann and other children / _cLeo Lionni. |
| 260 |
_aNew York : _bScholastic inc., _c1959. |
||
| 300 |
_a48 p. : _bill. ; _c21 cm. |
||
| 521 | _aG1 | ||
| 526 | _c210 | ||
| 650 | 0 |
_aColor _vJuvenile fiction. _926899 |
|
| 650 | 0 |
_aFriendship _vJuvenile fiction. _926900 |
|
| 650 | 1 |
_aColor _vFiction. _926901 |
|
| 650 | 1 |
_aFriendship _vFiction. _926902 |
|
| 655 | 7 |
_aJuvenile literature _y1959. _2rbgenr _926903 |
|
| 906 |
_a7 _bcbc _cpremver _d1 _encip _f19 _gy-genrareb |
||
| 942 |
_2lcc _cBK-SCHOLAS |
||
| 999 |
_c34297 _d34297 |
||